Southville International School and Colleges
Your cart is empty.
  • Cart
  • Lists
    Public lists Eva Luna New books Lux_list list_1
    Your lists Log in to create your own lists
  • Log in to your account
  • Your cookies
  • Search history
Southville International School and Colleges
  • Advanced search
  • Recent comments
  • Most popular
  • Libraries

Log in to your account

Log in with GOOGLE


If you do not have an external account, but do have a local account, you can still log in:

  1. Home
  2. MARC view: On my honor /
Normal view MARC view ISBD view

On my honor / (Record no. 8019)

[ view plain ]
MARC details
000 -LEADER
fixed length control field 01124cam a2200349 a 4500
001 - CONTROL NUMBER
control field 1932034
003 - CONTROL NUMBER IDENTIFIER
control field LC
005 - DATE AND TIME OF LATEST TRANSACTION
control field 20160322101405.0
008 - FIXED-LENGTH DATA ELEMENTS--GENERAL INFORMATION
fixed length control field 860207s1986 nyu j 000 1 eng
010 ## - LIBRARY OF CONGRESS CONTROL NUMBER
LC control number 86002679
020 ## - INTERNATIONAL STANDARD BOOK NUMBER
International Standard Book Number 9780440466338
040 ## - CATALOGING SOURCE
Original cataloging agency DLC
Transcribing agency DLC
Modifying agency DLC
042 ## - AUTHENTICATION CODE
Authentication code lcac
050 00 - LIBRARY OF CONGRESS CALL NUMBER
Classification number .PZ 7
Item number .B326 1986
082 00 - DEWEY DECIMAL CLASSIFICATION NUMBER
Classification number FIC
Item number B344 1986
100 1# - MAIN ENTRY--PERSONAL NAME
Personal name Bauer, Marion Dane.
9 (RLIN) 5188
245 10 - TITLE STATEMENT
Title On my honor /
Statement of responsibility, etc Marion Dane Bauer.
260 ## - PUBLICATION, DISTRIBUTION, ETC. (IMPRINT)
Place of publication, distribution, etc New York :
Name of publisher, distributor, etc Clarion Books,
Date of publication, distribution, etc c1986.
300 ## - PHYSICAL DESCRIPTION
Extent 90 p. ;
Dimensions 22 cm.
562 ## - COPY AND VERSION IDENTIFICATION NOTE
Number of copies 2
650 #1 - SUBJECT ADDED ENTRY--TOPICAL TERM
Topical term or geographic name as entry element Obedience
General subdivision Fiction.
9 (RLIN) 5230
650 #1 - SUBJECT ADDED ENTRY--TOPICAL TERM
Topical term or geographic name as entry element Accidents
General subdivision Fiction.
9 (RLIN) 5231
650 #1 - SUBJECT ADDED ENTRY--TOPICAL TERM
Topical term or geographic name as entry element Friendship
General subdivision Fiction.
9 (RLIN) 5232
650 #1 - SUBJECT ADDED ENTRY--TOPICAL TERM
Topical term or geographic name as entry element Conduct of life
General subdivision Fiction.
9 (RLIN) 5233
710 2# - ADDED ENTRY--CORPORATE NAME
Corporate name or jurisdiction name as entry element Juvenile Collection (Library of Congress)
Institution to which field applies DLC
9 (RLIN) 3833
856 42 - ELECTRONIC LOCATION AND ACCESS
Materials specified Publisher description
Uniform Resource Identifier <a href="http://www.loc.gov/catdir/description/hm021/86002679.html">http://www.loc.gov/catdir/description/hm021/86002679.html</a>
856 42 - ELECTRONIC LOCATION AND ACCESS
Materials specified Contributor biographical information
Uniform Resource Identifier <a href="http://www.loc.gov/catdir/enhancements/fy0736/86002679-b.html">http://www.loc.gov/catdir/enhancements/fy0736/86002679-b.html</a>
906 ## - LOCAL DATA ELEMENT F, LDF (RLIN)
a 7
b cbc
c orignew
d 1
e ocip
f 19
g y-gencatlg
942 ## - ADDED ENTRY ELEMENTS (KOHA)
Source of classification or shelving scheme Library of Congress Classification
Koha item type Books
Holdings
Withdrawn status Lost status Source of classification or shelving scheme Damaged status Home library Current library Shelving location Date acquired Total Checkouts Total Renewals Full call number Barcode Date last seen Date checked out Copy number Price effective from Koha item type
    Library of Congress Classification   Luxembourg Library Luxembourg Library Kids Fiction Section 07/29/2013 2 30 PZ 7 .B344 1986 14488 05/23/2018 11/07/2017 1 07/29/2013 Books
    Library of Congress Classification   Luxembourg Library Luxembourg Library Kids Fiction Section 07/29/2013     PZ 7 .B344 1986 7685 08/13/2013   2 07/29/2013 Books
    Library of Congress Classification   Luxembourg Library Luxembourg Library Kids Fiction Section 07/29/2013     PZ 7 .B344 1986 5332 08/13/2013   1 07/29/2013 Books
    Library of Congress Classification   Luxembourg Library Luxembourg Library Kids Fiction Section 07/29/2013     PZ 7 .B344 1986 5002 08/13/2013   2 07/29/2013 Books
    Library of Congress Classification   Luxembourg Library Luxembourg Library Fiction Section 09/11/2013     PZ 7 .B344 1986 18656 09/11/2013   1 09/11/2013 Books
    Library of Congress Classification   Luxembourg Library Luxembourg Library Fiction Section 09/11/2013     PZ 7 .B344 1986 18657 09/11/2013   2 09/11/2013 Books

On my honor /

APA

Bauer M. D., Juvenile Collection (Library of Congress), . (1986). On my honor. New York: Clarion Books.

Chicago

Bauer Marion Dane, Juvenile Collection (Library of Congress), . 1986. On my honor. New York: Clarion Books.

Harvard

Bauer M. D., Juvenile Collection (Library of Congress), . (1986). On my honor. New York: Clarion Books.

MLA

Bauer Marion Dane, Juvenile Collection (Library of Congress), . On my honor. New York: Clarion Books. 1986.

  • Place hold
  • Print
  • Cite
  • Add to your cart (remove)
  • Save record
    BIBTEX Dublin Core MARCXML MARC (non-Unicode/MARC-8) MARC (Unicode/UTF-8) MARC (Unicode/UTF-8, Standard) MODS (XML) RIS
  • More searches
    Search for this title in:
    Other Libraries (WorldCat) Other Databases (Google Scholar) Online Stores (Bookfinder.com) Open Library (openlibrary.org)

Exporting to Dublin Core...

SOUTHVILLE LIBRARY

Southville International School and Colleges Library

1281 Tropical Ave. Cor. Luxembourg St., BF Homes International, Las Pinas City

Tel. No. 8256374 / 252358 Loc. 117/146

Powered by Koha